Statistiken für Die besten nicht-englischsprachigen Filme

Klicken Sie hier um das Quiz zu spielen!

Allgemein

  • Dieses Quiz wurde 42 mal gespielt
  • Das Durchschnittsergebnis liegt bei 9 aus 54

Antwortstatistiken

PlatzFilmErscheinungsjahrSprache% Korrekt
34.Parasite2019Koreanisch
58%
97.M: Eine Stadt sucht einen Mörder1931Deutsch
55%
58.Das Leben der Anderen2006Deutsch
53%
77.Das Boot1981Deutsch
48%
44.Ziemlich beste Freunde2011Französisch
45%
31.Chihiros Reise ins Zauberland2001Japanisch
38%
25.Das Leben ist schön1997Italienisch
35%
115.Metropolis1927Deutsch
33%
20.Die sieben Samurai1954Japanisch
30%
23.City of God2002Portugiesisch
28%
124.Der Untergang2004Deutsch
28%
149.Rashomon1950Japanisch
28%
70.Oldboy2003Koreanisch
25%
79.Prinzessin Mononoke1997Japanisch
23%
94.Die Jagd2012Dänisch
20%
52.Cinema Paradiso1988Italienisch
15%
198.Das siebente Siegel1957Schwedisch
15%
164.Das wandelnde Schloss2004Japanisch
15%
101.Die fabelhafte Welt der Amelie2001Französisch
15%
120.Fahrraddiebe1948Italienisch
15%
98.Komm und Sieh'1985Russisch
15%
135.Ran1985Japanisch
15%
144.Yojimbo1961Japanisch
15%
113.Die Frau, die singt - Incendies2010Französisch
13%
46.Die letzten Glühwürmchen1988Japanisch
13%
172.Mein Nachbar Totoro1988Japanisch
13%
241.Persona1966Schwedisch
13%
240.Sie küssten und sie schlugen ihn1959Französisch
13%
182.Wilde Erdbeeren1957Schwedisch
13%
83.Your Name.2018Japanisch
13%
87.3 Idiots2009Hindi
10%
92.Capernaum2018Arabisch
10%
45.Harakiri1962Japanisch
10%
196.Memories of Murder2003Koreanisch
10%
116.Nader und Simin - eine Trennung2011Persisch/Farsi
10%
137.Pans Labyrinth2006Spanisch
10%
88.Zwischen Himmel und Hölle1963Japanisch
10%
236.Amores perros2000Spanisch
8%
127.Dangal2016Hindi
8%
206.Die Reise nach Tokio1953Japanisch
8%
242.Die Taschendiebin2016Koreanisch
8%
238.Hass1995Französisch
8%
106.Ikiru1952Japanisch
8%
163.In ihren Augen2009Spanisch
8%
227.Jai Bhim2021Hindi
8%
191.Lohn der Angst1953Französisch
8%
246.Uzala, der Kirgise1975Russisch
8%
213.Apus Weg ins Leben - 1.: Auf der Straße1955Hindi
5%
207.Die Passion der Jeanne d'Arc1928Französisch
5%
176.Kinder des Himmels1997Persisch/Farsi
5%
237.Mein Vater und mein Sohn2005Türkisch
5%
231.Schlacht um Algier1966Arabisch
5%
123.Taare Zameen Par2007Hindi
5%
197.Wild Tales2014Spanisch
5%

Verteilung der Resultate

Perzentil nach korrekt beantworteten Fragen

Anzahl Personen mit jedem Resultat

Ihre Resultats-Entwicklung

Sie haben dieses Quiz noch nicht gespielt